Tipologias de lavado de activos/ (Registro nro. 5977)

Detalles MARC
000 -LEADER
fixed length control field 01120nam a2200241Ia 4500
003 - CONTROL NUMBER IDENTIFIER
control field OSt
005 - DATE AND TIME OF LATEST TRANSACTION
control field 20200806140915.0
008 - FIXED-LENGTH DATA ELEMENTS--GENERAL INFORMATION
fixed length control field 191128s2005 ck ad gr 000 0 spa d
040 ## - CATALOGING SOURCE
Original cataloging agency CO-JMCR
Transcribing agency CO-JMCR
041 0# - LANGUAGE CODE
Language code of text/sound track or separate title spa
082 04 - DEWEY DECIMAL CLASSIFICATION NUMBER
Classification number 364.168 /
Item number P933t
Edition number 23
110 2# - MAIN ENTRY--CORPORATE NAME
Corporate name or jurisdiction name as entry element Unidad De Información Y Análisis Financiero UIAF, Programa Presidencial Contra La Extorción Y El Secuestro
9 (RLIN) 8489
245 20 - TITLE STATEMENT
Title Tipologias de lavado de activos/
Statement of responsibility, etc. Unidad De Información Y Análisis Financiero UIAF, Programa Presidencial Contra La Extorción Y El Secuestro
260 ## - PUBLICATION, DISTRIBUTION, ETC.
Place of publication, distribution, etc. [Bogotá] :
Name of publisher, distributor, etc. Fondo Nacional Para la Defensa de la Libertad Personal,
Date of publication, distribution, etc. 2005.
300 ## - PHYSICAL DESCRIPTION
Extent 36 páginas :
Other physical details gráficos a blanco y negro ;
Dimensions 28 cm.
300 ## - PHYSICAL DESCRIPTION
Other physical details
300 ## - PHYSICAL DESCRIPTION
Dimensions 28 cm
505 0# - FORMATTED CONTENTS NOTE
Formatted contents note Caracterización del secuestro extorsivo y la extorsión -- Acciones del estado -- Sistema institucional de respuesta -- Propuesta de tipologías de flujos y activos provenientes del secuestro y la extorsión
650 14 - SUBJECT ADDED ENTRY--TOPICAL TERM
Topical term or geographic name entry element Secuestro
9 (RLIN) 8490
650 24 - SUBJECT ADDED ENTRY--TOPICAL TERM
Topical term or geographic name entry element Extorsión
Geographic subdivision Colombia
9 (RLIN) 8491
650 24 - SUBJECT ADDED ENTRY--TOPICAL TERM
Topical term or geographic name entry element Acciones del estado
General subdivision Extorsión
9 (RLIN) 8492
942 ## - ADDED ENTRY ELEMENTS (KOHA)
Source of classification or shelving scheme Dewey Decimal Classification
Koha item type Books
Existencias
Withdrawn status Lost status Source of classification or shelving scheme Materials specified (bound volume or other part) Damaged status Not for loan Home library Current library Shelving location Date acquired Source of acquisition Full call number Barcode Date last seen Copy number Price effective from Koha item type
    Dewey Decimal Classification Donación--15/04/2018--     Biblioteca Pública José María del Castillo y Rada Biblioteca Pública José María del Castillo y Rada General Stacks 11/28/2019 Donación 364.168 / P933t 430011316 05/16/2024 Ej.1 11/28/2019 Books